UK Quarterly CRE Review (Record no. 121328)

MARC details
000 -LEADER
fixed length control field 00786nam a22001937a 4500
001 - CONTROL NUMBER
control field 121328
008 - FIXED-LENGTH DATA ELEMENTS--GENERAL INFORMATION
fixed length control field 230124s2022 |||||o|||| 00| 0 eng d
110 ## - MAIN ENTRY--CORPORATE NAME
9 (RLIN) 1530
Corporate author Knight Frank
245 ## - TITLE STATEMENT
Title UK Quarterly CRE Review
Statement of responsibility, etc [Electronic resource]
260 ## - PUBLICATION INFORMATION
Publisher Knight Frank,
Date November 2022
520 ## - ABSTRACT
Abstract The UK Quarterly CRE Review outlines the key occupier and investment trends across the different sectors within commercial real estate.
650 ## - KEYWORDS
Keywords Commercial Property
650 ## - KEYWORDS
Keywords Market Data
651 ## - SUBJECT ADDED ENTRY--GEOGRAPHIC NAME
Geographic name United Kingdom
690 ## - LOCAL SUBJECT ADDED ENTRY--TOPICAL TERM (OCLC, RLIN)
9 (RLIN) 6227
Topical term or geographic name as entry element Commercial property
700 ## - ADDED PERSONAL NAME
Added personal author Haralambous, Antonia
710 ## - ADDED CORPORATE NAME
9 (RLIN) 1530
Added corporate author Knight Frank
856 ## - ONLINE RESOURCE
Uniform Resource Identifier https://content.knightfrank.com/research/2588/documents/en/uk-cre-quarterly-review-november-2022-9547.pdf
Public note Available on knightfrank.com
Holdings
Withdrawn status Lost status Source of classification or shelving scheme Damaged status Not for loan Home library Current library Shelving location Date acquired Total Checkouts Date last seen Price effective from Koha item type
    Dewey Decimal Classification     Virtual Virtual Online 24/01/2023   24/01/2023 24/01/2023 Online material